Whither Islam? : (Record no. 20369)
[ view plain ]
| 000 -LEADER | |
|---|---|
| fixed length control field | 00933cam a22002531a 4500 |
| 001 - CONTROL NUMBER | |
| control field | 6414124 |
| 003 - CONTROL NUMBER IDENTIFIER | |
| control field | BDDh-ASL |
| 005 - DATE AND TIME OF LATEST TRANSACTION | |
| control field | 20231015025859.0 |
| 008 - FIXED-LENGTH DATA ELEMENTS--GENERAL INFORMATION | |
| fixed length control field | 820712s1932 enkbf 001 0 eng |
| 010 ## - LIBRARY OF CONGRESS CONTROL NUMBER | |
| LC control number | 33000285 |
| 035 ## - SYSTEM CONTROL NUMBER | |
| System control number | (OCoLC)8593708 |
| 040 ## - CATALOGING SOURCE | |
| Original cataloging agency | DLC |
| Transcribing agency | ViLxW |
| Modifying agency | DLC |
| -- | BDDh-ASL |
| 050 00 - LIBRARY OF CONGRESS CALL NUMBER | |
| Classification number | DS38 |
| Item number | .G5 |
| 082 ## - DEWEY DECIMAL CLASSIFICATION NUMBER | |
| Classification number | 297.09 |
| Item number | GIM |
| 100 1# - MAIN ENTRY--PERSONAL NAME | |
| Personal name | Gibb, H. A. R. |
| Fuller form of name | (Hamilton Alexander Rosskeen), |
| Dates associated with a name | 1895-1971, |
| Relator term | ed. |
| 245 10 - TITLE STATEMENT | |
| Title | Whither Islam? : |
| Remainder of title | a survey of modern movements in the Moslem world / |
| Statement of responsibility, etc. | edited by H. A. R. Gibb. |
| 260 ## - PUBLICATION, DISTRIBUTION, ETC. | |
| Place of publication, distribution, etc. | London : |
| Name of publisher, distributor, etc. | V. Gollancz, |
| Date of publication, distribution, etc. | 1932. |
| 300 ## - PHYSICAL DESCRIPTION | |
| Extent | 384 p. : |
| Other physical details | ill. ; |
| Dimensions | 23 cm. |
| 505 0# - FORMATTED CONTENTS NOTE | |
| Formatted contents note | Massignon, L. Africa (excluding Egypt).--Kampffmeyer, G. Egypt and western Asia.--Ferrar, M. L. India.--Berg, C. C. Indonesia.--Gibb, H. A. R. Whither Islam? |
| 650 #0 - SUBJECT ADDED ENTRY--TOPICAL TERM | |
| Topical term or geographic name entry element | Islam |
| Chronological subdivision | 20th century. |
| 650 #0 - SUBJECT ADDED ENTRY--TOPICAL TERM | |
| Topical term or geographic name entry element | Panislamism. |
| 906 ## - LOCAL DATA ELEMENT F, LDF (RLIN) | |
| a | 7 |
| b | cbc |
| c | oclcrpl |
| d | u |
| e | ncip |
| f | 19 |
| g | y-gencatlg |
| 942 ## - ADDED ENTRY ELEMENTS (KOHA) | |
| Source of classification or shelving scheme | Dewey Decimal Classification |
| Koha item type | Books |
| Withdrawn status | Lost status | Source of classification or shelving scheme | Damaged status | Not for loan | Collection code | Home library | Current library | Shelving location | Date acquired | Source of acquisition | Total Checkouts | Full call number | Barcode | Date last seen | Copy number | Price effective from | Koha item type | Public note |
|---|---|---|---|---|---|---|---|---|---|---|---|---|---|---|---|---|---|---|
| Dewey Decimal Classification | Not For Loan | Non-fiction | Asiatic Society Library | Asiatic Society Library | General Stacks | 12/30/2020 | ASB Collection | 297.09 GIM | 103804 | 12/30/2020 | C-1 | 12/30/2020 | Books | RARE |